00327nam a22001217a 4500008004100000082001300041100002500054245005200079260002900131270002700160300001000187490000800197230824b ||||| |||| 00| 0 eng d a921-Kaul aSingh, Nisha Chandra aJawahar Lal Kaul : A Life of DedicatedhEnglish aDelhibA.I.C.B. cRohini aA.I.C.B. Rohini, Delhi a12x13 v1-3